[Event "SVK ECo-C Extraliga 2018-19"]
[Site "Slovakia"]
[Date "2018.12.09"]
[Round "4"]
[White "Socko, Bartosz"]
[Black "Hrabusa, Matej"]
[Result "1-0"]
[WhiteElo "2611"]
[BlackElo "2404"]
[Annotator "TA"]
[PlyCount "91"]
[EventDate "2018.11.10"]
[EventType "team-tourn"]
[EventCountry "SVK"]
[SourceTitle "playchess.com"]
[Source "ChessBase"]
[SourceQuality "1"]

{[%evp 18,91,48,41,42,58,99,93,97,103,80,80,111,114,133,127,126,121,125,127,118,112,125,137,140,145,148,155,156,137,155,150,150,152,148,144,161,126,188,176,171,189,177,174,210,210,204,204,210,206,218,219,245,226,226,223,220,217,416,415,447,442,1064,1077,962,960,833,672,613,553,5130,5130,6546,5480,29970,29970]} 1. d4 d5 2. c4 e5 3. dxe5 d4 4. Nf3 Nc6 5. a3 Nge7 6. Nbd2 {D08: Albin Counter Gambit} (6. Bg5 Bg4 7. Nbd2 h6 8. Bh4 g5 9. Bg3 Nf5 10. Qc2 Qe7 11. Qe4 h5 12. h3 Nxg3 13. fxg3 {½-½ (55) Mamedyarov,S (2809)-Nepomniachtchi,I (2751) Moscow 2018}) 6... a5 7. Nb3 Nf5 8. Bg5 Be7 9. Bxe7 Qxe7 10. Nbxd4 {LiveBook: 4 Games} Nfxd4 11. Nxd4 Qxe5 12. e3 O-O 13. Nxc6 $146 ({Predecessor:} 13. Be2) 13... bxc6 14. Qd4 Qxd4 15. exd4 Re8+ 16. Kd2 Rb8 17. Kc3 a4 18. b4 $1 (18. Bd3 $6 Rb3+ 19. Kc2 Be6 $14) 18... axb3 19. Bd3 c5 20. dxc5 Bd7 21. Rhe1 Kf8 22. Rxe8+ (22. Bxh7 g6 $15) 22... Kxe8 $16 {[%mdl 4096] Endgame KRB-KRB} 23. Rb1 (23. Bxh7 g6 $11) 23... Ba4 24. Bc2 ({Inferior is} 24. Bxh7 g6 $15) 24... Kd7 25. Bxb3 Bxb3 26. Rxb3 {KR-KR} Re8 27. Kd2 Re5 (27... h5 $16 28. Re3 Ra8) 28. Rf3 f6 29. Rg3 g6 30. Rh3 h5 31. Rd3+ Kc6 32. Re3 {Black must now prevent Rxe5.} Rg5 {[#]} 33. Rg3 $1 Rf5 {[#]} 34. Rf3 $1 {[%cal Rf3f5]} ({Don't play} 34. Rxg6 $6 Kxc5 35. Ke3 Kxc4 $16) 34... Rg5 35. Rxf6+ Kxc5 36. g3 {And now f4 would win.} Kxc4 37. Rc6+ Kb3 $2 (37... Kd4 {was worth a try.} 38. Rxc7 Rf5) 38. Rxc7 $18 Kxa3 39. h4 Rd5+ (39... Rf5 $142 40. f4 Rf6) 40. Kc3 {Threatening mate with Ra7+.} Ka2 41. Rc6 g5 42. hxg5 Rxg5 43. Kd4 h4 44. gxh4 ({Less strong is} 44. Ra6+ Kb3 $18) 44... Rg4+ 45. Ke5 Rxh4 46. f4 {Accuracy: White = 89%, Black = 42%.} 1-0

[Event "SVK ECo-C Extraliga 2018-19"]
[Site "Slovakia"]
[Date "2018.12.09"]
[Round "4"]
[White "Krejci, Jan"]
[Black "Sipos, Istvan"]
[Result "1/2-1/2"]
[WhiteElo "2562"]
[BlackElo "2492"]
[Annotator "TA"]
[PlyCount "65"]
[EventDate "2018.11.10"]
[EventType "team-tourn"]
[EventCountry "SVK"]
[SourceTitle "playchess.com"]
[Source "ChessBase"]
[SourceQuality "1"]
[WhiteTeam "Prakovce"]
[BlackTeam "Komarno"]

{[%evp 20,65,0,0,48,6,49,50,50,50,72,57,89,63,77,77,82,0,37,33,34,29,54,52,57,66,66,0,0,0,0,0,0,0,93,55,55,0,0,0,0,-8,0,0,0,-47,-47,-47]} 1. d4 Nf6 2. c4 e6 3. Nc3 d5 4. cxd5 Nxd5 5. e4 Nxc3 6. bxc3 c5 7. a3 {[%cal Ba2a3,Ba3a4,Ba4b5][%mdl 32]} Be7 {D35: Queen's Gambit Declined: Exchange Variation} 8. Nf3 O-O 9. Bd3 b6 10. Qe2 Bb7 11. O-O {LiveBook: 10 Games} Qc8 12. a4 $146 ({Predecessor:} 12. d5 exd5 13. exd5 Bf6 14. Ng5 Bxg5 15. Bxg5 Bxd5 {1-0 (26) Lupulescu,C (2655)-Enchev,I (2473) Albena 2013}) 12... Ba6 13. Bb5 Bxb5 14. axb5 a5 15. Ne5 Bf6 16. f4 Nd7 17. Nc6 Nb8 18. Ne5 Nd7 19. Be3 Bxe5 20. fxe5 cxd4 21. cxd4 f6 22. Rac1 Qe8 23. Rc6 (23. exf6 $1 $14 Nxf6 24. Rc6) 23... fxe5 $11 24. Rxf8+ Qxf8 25. Qa2 Qf7 26. dxe5 Re8 (26... Nxe5 $11 27. Rxb6 Ng4) 27. h3 ({But not} 27. Bxb6 $6 Nxb6 28. Rxb6 Qa7 $11) 27... Qg6 28. Kh1 ({Better is} 28. Bxb6 $14 Nxe5 29. Rc7) 28... h6 29. Bd4 ({Don't play} 29. Bxb6 $6 Nxb6 30. Rxb6 Kh7 $14) 29... Kh7 30. Rc7 Nc5 31. Bxc5 bxc5 32. Qe2 Qg3 33. Rxc5 {Accuracy: White = 66%, Black = 56%.} 1/2-1/2

[Event "SVK ECo-C Extraliga 2018-19"]
[Site "Slovakia"]
[Date "2018.12.09"]
[Round "4"]
[White "Plat, Vojtech"]
[Black "Antal, Gergely"]
[Result "1/2-1/2"]
[WhiteElo "2550"]
[BlackElo "2553"]
[Annotator "TA"]
[PlyCount "33"]
[EventDate "2018.11.10"]
[EventType "team-tourn"]
[EventCountry "SVK"]
[SourceTitle "playchess.com"]
[Source "ChessBase"]
[SourceQuality "1"]
[WhiteTeam "Modra"]
[BlackTeam "Slovan"]

{[%evp 17,33,0,0,8,0,0,10,0,9,11,9,0,0,-6,16,20,8,19]} 1. e4 c6 2. d4 d5 3. exd5 cxd5 4. Bd3 Nc6 5. c3 Qc7 6. h3 Nf6 7. Nf3 g6 8. O-O {B13: Caro-Kann: Exchange Variation and Panov-Botvinnik Attack} Bf5 9. Be2 Bg7 {LiveBook: 4 Games. The position is equal.} 10. Re1 O-O 11. Bf1 $146 ({Predecessor:} 11. Nbd2 Rfe8 12. Nf1 Rad8 13. Ng3 Ne4 14. Nxf5 gxf5 {1-0 (59) So,W (2780)-Mamedyarov,S (2801) Saint Louis 2018}) 11... Rfe8 12. Na3 {[%cal Bb1a3,Ba3c2,Bc2e3][%mdl 32]} a6 13. Nc2 Rad8 14. Ne3 Bc8 15. Bd2 $1 e5 16. dxe5 Nxe5 17. Nxe5 1/2-1/2

[Event "SVK ECo-C Extraliga 2018-19"]
[Site "Slovakia"]
[Date "2018.12.09"]
[Round "4"]
[White "Babula, Vlastimil"]
[Black "Balog, Imre"]
[Result "1/2-1/2"]
[WhiteElo "2541"]
[BlackElo "2559"]
[Annotator "TA"]
[PlyCount "87"]
[EventDate "2018.11.10"]
[EventType "team-tourn"]
[EventCountry "SVK"]
[SourceTitle "playchess.com"]
[Source "ChessBase"]
[SourceQuality "1"]
[WhiteTeam "Snina"]
[BlackTeam "Podhajska"]

{[%evp 14,87,63,71,92,82,80,90,76,82,104,52,58,45,54,28,40,25,50,45,44,75,59,63,84,87,103,94,79,77,84,89,85,90,85,89,89,89,116,108,90,39,43,30,43,18,62,18,18,18,61,61,82,78,77,83,100,18,18,15,11,14,24,25,18,26,32,0,0,0,0,0,0,0,0,0]} 1. d4 g6 2. c4 Bg7 3. e4 d6 4. Nc3 Nd7 5. Nf3 e6 6. Bg5 Ne7 {[%cal Bg8e7,Be7c6,Bc6d4,Bd4e2][%mdl 32] A42: Modern Defence: Averbakh Variation} 7. Qd2 h6 8. Be3 {LiveBook: 8 Games} g5 {White is better.} (8... b6 9. h4 Nf6 10. Be2 Ng4 11. O-O-O Bb7 12. d5 Nxe3 13. Qxe3 Qd7 14. h5 {1-0 (32) Li,C (2686)-Tologontegin,S (2370) Kazan 2013}) 9. h4 g4 10. Nh2 h5 11. Be2 $146 ({Predecessor:} 11. O-O-O Ng6 12. g3 Nf6 13. Bd3 e5 14. d5 {1-0 (48) Yudkevich,M (2154)-Kunin,P (1957) St Petersburg 2015}) 11... Nc6 12. g3 (12. Nf1 $16) 12... e5 $14 13. d5 $1 {[%cal Rd5c6]} Nd4 14. f3 Nxe2 15. Qxe2 gxf3 16. Qxf3 a6 17. Bg5 f6 18. Be3 Nc5 19. O-O-O Qd7 20. Bxc5 dxc5 21. d6 cxd6 22. Nd5 Qd8 23. g4 Be6 24. gxh5 Bxd5 25. Rxd5 {[#] Threatens to win with Rhd1.} Qd7 26. Kb1 O-O-O 27. Nf1 ({Better is} 27. Rg1 $16) 27... f5 28. Ng3 {[%cal Bf1g3,Bg3e4,Be4c5][%mdl 32]} fxe4 29. Nxe4 Bf8 $1 30. Nxc5 Qh7+ 31. Ne4 {With the idea c5.} Be7 32. c5 {[%cal Rc5d6]} dxc5 33. Rxe5 Kb8 34. Ka1 c4 35. a3 (35. Re6 $16) 35... Qg7 $11 36. Rf5 Rd3 37. Qf4+ Ka8 {[#] aiming for ...c3!} 38. Qe5 Qxe5 39. Rxe5 Bd8 40. Rg1 Bb6 {The position is equal.} 41. Nc5 Rh3 42. Rg6 Bxc5 43. Rxc5 Rxh4 44. h6 {Accuracy: White = 63%, Black = 76%.} 1/2-1/2

[Event "SVK ECo-C Extraliga 2018-19"]
[Site "Slovakia"]
[Date "2018.12.09"]
[Round "4"]
[White "Antoniewski, Rafal"]
[Black "Haring, Filip"]
[Result "1/2-1/2"]
[WhiteElo "2517"]
[BlackElo "2289"]
[Annotator "TA"]
[PlyCount "37"]
[EventDate "2018.11.10"]
[EventType "team-tourn"]
[EventCountry "SVK"]
[SourceTitle "playchess.com"]
[Source "ChessBase"]
[SourceQuality "1"]

{[%evp 22,37,17,20,21,13,34,-22,13,0,3,-18,-22,-14,-18,-27,-20,-243]} 1. c4 Nf6 2. Nc3 e5 3. Nf3 Nc6 4. e3 Bb4 5. Qc2 O-O 6. Nd5 Re8 7. Qf5 d6 {A28: English Opening: Four Knights Variation} 8. Nxf6+ gxf6 9. Qc2 e4 10. Ng1 d5 11. a3 Bf8 12. cxd5 {LiveBook: 4 Games} Qxd5 13. Ne2 Bf5 {[#]} 14. Nc3 $146 (14. Ng3 $14) ({Predecessor:} 14. b4 a5 15. Nc3 {1-0 (30) Giri,A (2784)-Sunilduth Lyna,N (2494) Doha 2015}) 14... Qe6 (14... Qd7 {with more complications.} 15. b4 Rad8 16. Be2 Bg7 17. O-O Bg6) 15. Be2 Rad8 16. O-O Bg6 17. b4 f5 18. Nb5 Qd7 {Hoping for ...f4!} 19. f4 $2 (19. Bb2 $11) 1/2-1/2

[Event "SVK ECo-C Extraliga 2018-19"]
[Site "Slovakia"]
[Date "2018.12.09"]
[Round "4"]
[White "Kriebel, Tadeas"]
[Black "Horvath, Csaba"]
[Result "1-0"]
[WhiteElo "2517"]
[BlackElo "2510"]
[Annotator "ChessBase"]
[PlyCount "113"]
[EventDate "2018.11.10"]
[EventType "team-tourn"]
[EventCountry "SVK"]
[SourceTitle "playchess.com"]
[Source "ChessBase"]
[SourceQuality "1"]
[WhiteTeam "Snina"]
[BlackTeam "Podhajska"]
[TimeControl "40/5400+30:1800+30"]

1. e4 {[%emt 0:00:00]} Nf6 {[%emt 0:00:00]} 2. e5 {[%emt 0:00:00]} Nd5 {[%emt 0:00:00]} 3. d4 {[%emt 0:00:00]} d6 {[%emt 0:00:00]} 4. Nf3 {[%emt 0:00:05]} dxe5 {[%emt 0:00:00]} 5. Nxe5 {[%emt 0:00:08]} c6 {[%emt 0:00:00]} 6. c4 {[%emt 0:02:15]} Nb4 {[%emt 0:01:01]} 7. Be3 {[%emt 0:02:55]} Bf5 {[%emt 0:00:15]} 8. Na3 {[%emt 0:06:34]} Nd7 {[%emt 0:02:21]} 9. Nxd7 {[%emt 0:01:43]} Qxd7 {[%emt 0:00:27]} 10. Be2 {[%emt 0:00:17]} e6 {[%emt 0:08:35]} 11. O-O {[%emt 0:01:03]} Be7 {[%emt 0:00:21]} 12. Qb3 {[%emt 0:16:47]} O-O {[%emt 0:01:55]} 13. Rac1 {[%emt 0:00:06]} b6 {[%emt 0:17:17]} 14. Nb1 {[%emt 0:05:42]} c5 {[%emt 0:02:55]} 15. Rfd1 {[%emt 0:01:54]} cxd4 {[%emt 0:03:24]} 16. Bxd4 {[%emt 0:00:13]} Qc7 {[%emt 0:13:24]} 17. Nc3 {[%emt 0:06:41]} Bc5 {[%emt 0:12:56]} 18. Nb5 {[%emt 0:06:41]} Qe7 {[%emt 0:00:30]} 19. Bxc5 {[%emt 0:02:56]} bxc5 {[%emt 0:01:43]} 20. a3 {[%emt 0:00:49]} Nc6 {[%emt 0:00:51]} 21. Bf3 {[%emt 0:00:08]} Rac8 {[%emt 0:00:46]} 22. Qe3 {[%emt 0:03:40]} Na5 {[%emt 0:09:34]} 23. Nd6 {[%emt 0:01:16]} Rc7 {[%emt 0:00:03]} 24. b4 {[%emt 0:00:52]} cxb4 {[%emt 0:00:11]} 25. axb4 {[%emt 0:00:09]} Nxc4 {[%emt 0:00:56]} 26. Rxc4 {[%emt 0:04:12]} Rxc4 {[%emt 0:00:49]} 27. Nxc4 {[%emt 0:00:05]} Qxb4 {[%emt 0:00:08]} 28. Ne5 {[%emt 0:00:13]} Qb6 {[%emt 0:04:48]} 29. Qxb6 {[%emt 0:02:34]} axb6 {[%emt 0:00:03]} 30. Nd7 {[%emt 0:00:08]} Re8 {[%emt 0:00:12]} 31. Nxb6 {[%emt 0:00:24]} g5 {[%emt 0:02:44]} 32. h3 {[%emt 0:03:59]} Kg7 {[%emt 0:00:18]} 33. Rd7 {[%emt 0:00:53]} e5 {[%emt 0:00:20]} 34. Rc7 {[%emt 0:01:04]} e4 {[%emt 0:00:40]} 35. Bh5 {[%emt 0:00:29]} Bg6 {[%emt 0:00:15]} 36. Bxg6 {[%emt 0:00:08]} hxg6 {[%emt 0:00:53]} 37. Nc4 {[%emt 0:00:03]} Re6 {[%emt 0:00:27]} 38. Kf1 {[%emt 0:00:34]} Kg8 {[%emt 0:02:16]} 39. Ke2 {[%emt 0:01:38]} f5 {[%emt 0:00:39]} 40. Ke3 {[%emt 0:00:05]} Ra6 {[%emt 0:00:16]} 41. Rd7 {[%emt 0:40:01]} Ra4 {[%emt 0:32:27]} 42. Ne5 {[%emt 0:02:08]} Ra3+ {[%emt 0:01:48]} 43. Ke2 {[%emt 0:00:11]} Ra2+ {[%emt 0:00:21]} 44. Rd2 {[%emt 0:00:12]} Ra5 {[%emt 0:04:29]} 45. Nc4 {[%emt 0:08:26]} Ra4 {[%emt 0:01:36]} 46. Rd4 {[%emt 0:03:48]} Ra2+ {[%emt 0:03:33]} 47. Ke3 {[%emt 0:00:40]} Kg7 {[%emt 0:04:13]} 48. Rd2 {[%emt 0:01:00]} Ra4 {[%emt 0:00:19]} 49. Rd7+ {[%emt 0:00:18]} Kh6 {[%emt 0:00:00]} 50. Rc7 {[%emt 0:00:00]} Ra2 {[%emt 0:00:00]} 51. Ne5 {[%emt 0:00:00]} Ra3+ {[%emt 0:00:00]} 52. Kd4 {[%emt 0:00:00]} Ra2 {[%emt 0:00:00]} 53. Nf7+ {[%emt 0:00:00]} Kg7 {[%emt 0:00:00]} 54. Nxg5+ {[%emt 0:00:00]} Kf6 {[%emt 0:00:00]} 55. h4 {[%emt 0:00:00]} Rd2+ {[%emt 0:00:00]} 56. Ke3 {[%emt 0:00:00]} Ra2 {[%emt 0:00:00]} 57. Rc6+ {[%emt 0:00:00]} 1-0

[Event "SVK ECo-C Extraliga 2018-19"]
[Site "Slovakia"]
[Date "2018.12.09"]
[Round "4"]
[White "Ftacnik, Lubomir"]
[Black "Rigo, Zsolt"]
[Result "1-0"]
[WhiteElo "2512"]
[BlackElo "2395"]
[Annotator "TA"]
[PlyCount "54"]
[EventDate "2018.11.10"]
[EventType "team-tourn"]
[EventCountry "SVK"]
[SourceTitle "playchess.com"]
[Source "ChessBase"]
[SourceQuality "1"]
[WhiteTeam "Slovan"]
[BlackTeam "Modra"]

{[%evp 26,54,4,13,41,41,95,112,115,110,104,107,166,160,212,206,473,462,616,605,1064,1058,1239,1218,29988,29989,29989,29990,29993,29994,29996]} 1. Nf3 c5 2. c4 Nc6 3. Nc3 g6 4. e3 Nf6 5. d4 cxd4 6. exd4 d5 7. cxd5 Nxd5 8. Qb3 Nxc3 9. Bc4 Nd5 10. Bxd5 e6 11. Bxc6+ bxc6 12. O-O Be7 {A35: Symmetrical English: 2 Nc3 Nc6 3 Nf3} (12... Qd5 13. Be3 Be7 14. Rfc1 f6 15. Nd2 Kf7 16. Rc2 a5 17. Qc4 Bb7 18. Nb3 Ba6 19. Qxd5 cxd5 20. Nxa5 {½-½ (32) Giri,A (2771)-So,W (2812) Leuven 2017}) 13. Bf4 Qd5 14. Rfc1 {LiveBook: 6 Games} O-O {The position is equal.} 15. Ne5 Bf6 $146 (15... Qxd4 $14 16. Rc4 (16. Nxc6 Qxf4 17. Nxe7+ Kg7 $11) 16... Qb6) ({Predecessor:} 15... Qxb3 16. axb3 Bb7 17. Nc4 Rfd8 18. Be3 Rd5 19. Na5 Rb5 20. h3 {½-½ (53) Cordova,E (2611)-Borges Matos,J (2423) Cuernavaca 2014}) 16. Qe3 $16 Bb7 17. Rc5 Qd8 18. Bh6 Re8 {[#]} (18... Bg7 $16 {was worth a try.}) 19. Qf4 $1 $18 Bxe5 (19... Qe7 $16 {was called for.} 20. Ng4 (20. Nxc6 Bxc6 21. Rxc6 Rac8 $11) 20... Bh4) 20. dxe5 {[%cal Bd4e5,Be5f6][%mdl 32]} ({Weaker is} 20. Qxe5 f6 $14) 20... f5 $2 (20... Qe7 21. Qe3 f5 22. exf6 Qxf6) 21. exf6 {f7+ would kill now.} Kf7 22. Bg7 Qb6 23. b4 e5 24. Qh6 Kg8 {[#]} 25. f7+ $1 {[%mdl 512] White mates.} Kxf7 26. Qxh7 Re6 27. Bh6+ Ke8 {Accuracy: White = 100%, Black = 15%.} 1-0

[Event "SVK ECo-C Extraliga 2018-19"]
[Site "Slovakia"]
[Date "2018.12.09"]
[Round "4"]
[White "Polak, Tomas"]
[Black "Mrva, Martin"]
[Result "1-0"]
[WhiteElo "2508"]
[BlackElo "2420"]
[Annotator "TA"]
[PlyCount "133"]
[EventDate "2018.11.10"]
[EventType "team-tourn"]
[EventCountry "SVK"]
[SourceTitle "playchess.com"]
[Source "ChessBase"]
[SourceQuality "1"]
[WhiteTeam "Podhajska"]
[BlackTeam "Snina"]

{[%evp 9,133,20,33,34,34,-20,-8,-1,0,6,50,-10,14,32,14,35,18,24,50,44,37,-187,-183,-179,-170,-167,-167,-263,-113,-100,0,0,0,0,0,0,0,0,0,0,107,97,113,112,114,106,109,114,102,104,141,104,131,97,90,90,153,169,202,202,187,82,79,61,251,243,269,258,243,243,227,0,237,192,265,229,366,297,379,370,389,389,716,728,728,717,710,681,730,718,687,678,670,606,992,978,1527,1527,1006,970,1688,1430,29966,29966,29968,29966,29965,29969,29966,29971,29971,29973,29971,29974,29973,29974,29972,29976,29976,29977,29977,29977,29978,29977,29983,29984]} 1. d4 d6 2. Nf3 a6 (2... g6 3. e4 Nf6 4. Nc3 Bg7 5. Be3 c6 6. Qd2 b5 7. Bh6 O-O 8. Bd3 Bg4 9. h4 Nbd7 10. h5 e5 11. Bxg7 Kxg7 12. hxg6 fxg6 13. dxe5 Nxe5 14. O-O-O Nxf3 15. Qh6+ Kg8 16. gxf3 Bxf3 17. e5 Bxh1 18. Bxg6 Bf3 19. exf6 Qc7 20. Rg1 Kh8 21. Be4 Bxe4 22. Qg7+ Qxg7 23. fxg7+ {1-0 (23) Giri,A (2782)-Mamedyarov,S (2801) chess.com INT 2018}) 3. e4 Nf6 4. Bd3 Nc6 5. d5 Ne5 $146 ({Predecessor:} 5... Nb8 6. O-O g6 7. h3 Bg7 8. c4 c6 9. Nc3 O-O 10. Qe2 {0-1 (53) Ataman,A (2191)-Chibukhchian,A (2379) Batumi 2002}) 6. Nxe5 {A41: 1 d4 d6: Tartakower System and Modern Defence} dxe5 7. f4 ({Better is} 7. c4 $14) 7... exf4 8. Bxf4 {The position is equal.} e6 9. c4 Bc5 {[%cal Re6d5]} 10. Nc3 (10. e5 $14) 10... O-O 11. e5 exd5 {Hoping for ...Bg4.} 12. exf6 Re8+ $1 (12... Qxf6 13. Qf3 $16) 13. Kf1 Qxf6 14. Qf3 ({Much weaker is} 14. Nxd5 Qxb2 15. Bg3 (15. Bc2 $2 Bf5 $19) 15... c6 $15) 14... dxc4 15. Bxc4 $2 (15. Be4 $14 {was the only good move.}) 15... g5 $1 $19 16. Ne4 Rxe4 $1 ({Don't blunder} 16... Qd4 $2 17. Bxf7+ $1 {[%mdl 512]} Kg7 18. Bxe8 $18) 17. Qxe4 gxf4 18. Rd1 (18. Re1 $142 Be3 19. h4) 18... Bg4 (18... Bf5 $19 19. Qxb7 Re8 20. Qxc7 Bb6 21. Qxf7+ Qxf7 22. Bxf7+ Kxf7) 19. Rd5 $17 Bb6 (19... Bd6 $1 $17 20. Rd2 Rb8) 20. Qe5 $1 $36 {[%cal Re5f6][%mdl 2048] White is more active.} Qxe5 21. Rxe5 {Rg5+ is the strong threat.} Kf8 22. h3 Bd7 23. Ke2 f6 24. Re4 Bc6 (24... f3+ $11 25. gxf3 Bf5) 25. Rxf4 $16 Re8+ 26. Kd1 Bxg2 27. Rh2 Be4 28. Rxf6+ Kg7 29. Rf7+ Kg6 30. Rd7 Kg5 31. Bd3 Bf3+ 32. Kc2 h5 (32... Kf6 $142) 33. Rf7 $1 {[%cal Rf7f3]} Re3 {intending ...Kh4.} 34. Rf2 $1 {[%cal Rf2f3]} Bd1+ 35. Kxd1 (35. Kd2 $18 {has better winning chances.} Rxd3+ 36. Kxd3 Bxf2 37. Rxf2) 35... Rxd3+ 36. Kc2 Bxf2 $2 ({Black should try} 36... Rxh3 $14 37. Rg2+ Kh6) 37. Kxd3 $14 {[%mdl 4096] Endgame KR-KB} Bg3 38. Ke4 Kh4 39. Rh7 Kg5 40. Rf7 $2 (40. Rd7 $18) 40... Bd6 $2 (40... Kh4 $11) 41. Rf5+ $18 Kg6 (41... Kh4 {is a better defense.} 42. Kf3 Bg3) 42. Rd5 Be7 (42... h4 $142 43. Rd4 Kf6) 43. a3 Bd6 44. b4 b6 45. Rd4 Bf8 $2 (45... Be7 46. Kd5 c5) 46. Rd8 Bd6 47. Ra8 Kg5 48. Kf3 Kh4 49. Kg2 Kg5 50. Rxa6 Kf4 51. Ra8 Ke4 52. Rh8 c5 53. Rxh5 c4 54. Rh6 Be5 55. Rxb6 c3 56. Rc6 {White mates.} Kd3 57. Kf3 c2 {[#]} 58. Rxc2 $3 {[%mdl 512]} Kxc2 {[#] KB-K3P} 59. h4 $1 {[%cal Bh3h4,Bh4h5,Bh5h6,Bh6h7][%mdl 32]} Kb3 60. Ke4 Bf6 61. h5 Kc4 62. h6 Bb2 63. h7 Bc3 64. Kf5 Kd5 65. b5 Kd6 66. a4 {[%cal Ba3a4,Ba4a5][%mdl 32]} Ke7 {[#]} 67. a5 $1 {[%mdl 512] Accuracy: White = 68%, Black = 29%.} 1-0

[Event "SVK ECo-C Extraliga 2018-19"]
[Site "Slovakia"]
[Date "2018.12.09"]
[Round "4"]
[White "Leniart, Arkadiusz"]
[Black "Jakab, Bela"]
[Result "1-0"]
[WhiteElo "2505"]
[BlackElo "2320"]
[Annotator "TA"]
[PlyCount "79"]
[EventDate "2018.11.10"]
[EventType "team-tourn"]
[EventCountry "SVK"]
[SourceTitle "playchess.com"]
[Source "ChessBase"]
[SourceQuality "1"]
[WhiteTeam "Prakovce"]
[BlackTeam "Komarno"]

{[%evp 10,79,-22,-15,17,17,24,22,42,26,39,42,35,0,2,-23,-23,-29,-17,-29,-22,-52,0,0,0,-112,-83,-121,-118,-141,-127,-135,-133,-134,-134,-159,-134,-182,0,-114,-83,-65,-70,-62,-37,-48,0,0,18,29,38,31,50,42,37,11,69,20,70,15,576,572,573,574,553,532,1561,1485,29992,29993,29993,29994]} 1. e4 e6 2. d4 d5 3. Nd2 c5 4. dxc5 Bxc5 5. Bd3 Nf6 6. Qe2 {LiveBook: 35 Games. C07: French Tarrasch: 3...c5, 4 Ngf3 and 4 exd5 Qxd5} dxe4 (6... Nc6 7. Ngf3 Qc7 8. O-O O-O 9. e5 Ng4 10. Nb3 Bb6 11. Bxh7+ Kxh7 12. Ng5+ Kg8 13. Qxg4 Nxe5 {0-1 (25) Munoz Pantoja,M (2471)-Peralta,F (2577) Barcelona 2016}) 7. Nxe4 Nxe4 8. Bxe4 {White has an edge.} Qb6 9. Nf3 Bd7 10. O-O Bc6 11. Bd3 Nd7 12. c3 Bxf3 13. gxf3 $146 ({Predecessor:} 13. Qxf3 Ne5 {½-½ (22) Heyme,S (2025)-Kuehn,K (2153) Germany 2014}) 13... Bd6 14. Rd1 Qc7 15. Kg2 Bxh2 ({Black should play} 15... O-O-O $15) 16. Bb5 $11 O-O-O 17. Rd4 {[#]} (17. Rxd7 $11 {remains equal.} Rxd7 18. Bxd7+ Kxd7 19. Qb5+ Kc8 20. Qa4) 17... Nb6 $1 $17 18. Rh4 Bd6 19. a4 {[#]} g5 $1 {[%mdl 512]} 20. Re4 ({Wrong is} 20. Bxg5 $2 Rdg8 $19) 20... Kb8 21. a5 ({Not} 21. Bxg5 $2 Rdg8 $19) 21... Nd5 22. a6 b6 23. Kf1 Bc5 $2 (23... h5 $19 {aiming for ...Rhg8.} 24. Bxg5 f6) 24. f4 {[#]} (24. Bxg5 $11 Rdg8 25. f4) 24... g4 $1 {[%mdl 512] ...Rhg8 is the strong threat.} 25. Rc4 {And now b4 would win.} (25. Qxg4 f5) 25... Qe7 {Strongly threatening ...Qh4.} 26. Qxg4 Rhg8 27. Qf3 $1 f5 (27... Qd6 $5 {[%cal Rd5e3]} 28. Rca4 (28. b4 $2 Ne3+ 29. Bxe3 Qd3+ 30. Qe2 Rg1+ 31. Kxg1 Qxe2 $19) 28... Qc7 $15) 28. b4 Bd6 29. Bd2 Qg7 {White must now prevent ...Qg1+.} 30. Re1 Qg1+ 31. Ke2 Qg4 32. Rd4 h5 (32... Qxf3+ $11 33. Kxf3 {[#]} Bxb4 $1 {[%mdl 512]}) 33. Bc6 Nc7 34. Bb7 ({White should try} 34. Rh1 $14) 34... e5 $2 {[%mdl 8192]} (34... Nb5 $11 {and Black is okay.} 35. Rd3 Be7) 35. fxe5 $18 {[%cal Bf4e5,Be5e6,Be6d7][%mdl 32]} Qxf3+ 36. Kxf3 Be7 37. e6 h4 38. Bf4 {Threatening mate with Rd7.} b5 39. Rd7 Rxd7 40. exd7 {Precision: White = 46%, Black = 45%.} 1-0

[Event "SVK ECo-C Extraliga 2018-19"]
[Site "Slovakia"]
[Date "2018.12.09"]
[Round "4"]
[White "Repka, Christopher"]
[Black "Ponizil, Cyril"]
[Result "*"]
[WhiteElo "2499"]
[BlackElo "2491"]
[Annotator "TA"]
[PlyCount "34"]
[EventDate "2018.11.10"]
[EventType "team-tourn"]
[EventCountry "SVK"]
[SourceTitle "playchess.com"]
[Source "ChessBase"]
[SourceQuality "1"]
[WhiteTeam "Zilina"]
[BlackTeam "Dubnica"]

{[%evp 17,19,0,0,-20]} 1. d4 d5 2. Nf3 Nf6 3. c4 dxc4 4. Qa4+ Nbd7 5. Qxc4 e6 6. g3 a6 7. Bg2 b5 8. Qc6 Ra7 9. Qc2 {E03: Open Catalan: 5 Qa4+ Nbd7 6 Qxc4} (9. O-O Bb7 10. Qc2 c5 11. Bg5 cxd4 12. Nxd4 Bxg2 13. Kxg2 Rc7 14. Qd2 Qa8+ 15. f3 Be7 16. Rc1 Nc5 {½-½ (65) Zatonskih,A (2493)-Akobian,V (2618) Caleta 2011}) 9... Bb7 {LiveBook: 8 Games} 10. a4 {Predecessor:} Be4 $146 11. Qd1 b4 12. Bg5 c5 13. Nbd2 Ba8 14. O-O Be7 15. Rc1 O-O 16. Nb3 h6 17. Bxf6 Bxf6 {½-½ (35) Peelen,P (2309)-Hovhannisyan,M (2475) Germany 2016} *